<?xml version="1.0" encoding="UTF-8"?><?xml-stylesheet type="text/xsl" href="static/style.xsl"?><OAI-PMH xmlns="http://www.openarchives.org/OAI/2.0/" xmlns:xsi="http://www.w3.org/2001/XMLSchema-instance" xsi:schemaLocation="http://www.openarchives.org/OAI/2.0/ http://www.openarchives.org/OAI/2.0/OAI-PMH.xsd"><responseDate>2026-04-18T03:05:45Z</responseDate><request verb="GetRecord" identifier="oai:www.recercat.cat:2117/116953" metadataPrefix="marc">https://recercat.cat/oai/request</request><GetRecord><record><header><identifier>oai:recercat.cat:2117/116953</identifier><datestamp>2025-07-22T21:36:01Z</datestamp><setSpec>com_2072_1033</setSpec><setSpec>col_2072_452951</setSpec></header><metadata><record xmlns="http://www.loc.gov/MARC21/slim" xmlns:dcterms="http://purl.org/dc/terms/" xmlns:xsi="http://www.w3.org/2001/XMLSchema-instance" xmlns:doc="http://www.lyncode.com/xoai" xsi:schemaLocation="http://www.loc.gov/MARC21/slim http://www.loc.gov/standards/marcxml/schema/MARC21slim.xsd">
   <leader>00925njm 22002777a 4500</leader>
   <datafield ind2=" " ind1=" " tag="042">
      <subfield code="a">dc</subfield>
   </datafield>
   <datafield ind2=" " ind1=" " tag="720">
      <subfield code="a">Demuru, Emanuele</subfield>
      <subfield code="e">author</subfield>
   </datafield>
   <datafield ind2=" " ind1=" " tag="260">
      <subfield code="c">2017-10</subfield>
   </datafield>
   <datafield ind2=" " ind1=" " tag="520">
      <subfield code="a">En el presente trabajo se evaluaron la sostenibilidad y los impactos ambientales&#xd;
relacionados a las obras de una descontaminación de un suelo ligeramente contaminado&#xd;
por hidrocarburos, en especifico por diesel.&#xd;
El caso a estudio considerado es un caso real sucedido en la isla de Cerdeña, Italia. La&#xd;
contaminación del suelo se ha producido por la ruptura de un tanque interrado con una&#xd;
capacidad de 6000 litros.&#xd;
Trás la extracción del tanque, se adoptó la clasica técnica de Excavación y transporte a&#xd;
vertedero especializado del suelo contaminado.&#xd;
También se ha hecho un análisis de las tecnicas de descontaminación más empleadas&#xd;
para remediación de los hidrocarburos en el suelo.&#xd;
La idea del presente trabajo ha sido la de comparar la tecnica empleada en el caso real&#xd;
con dos técnicas hipotizadas.&#xd;
Las técnicas consideradas han sido la de Biopilas aireadas y la Fitorremediación.&#xd;
Las dos alternativas se definen como ¨tratamientos biologicos¨ o ¨técnicas de&#xd;
biorremediación¨.&#xd;
La técnicas de biorremediación consisten principalmente en el uso de los&#xd;
microorganismos naturales (levaduras, hongos o bacterias) y de los organismos&#xd;
vegetales existentes en el medio para descomponer o degradar sustancias peligrosas en&#xd;
sustancias de carácter menos tóxico o bien inocuas para el medio ambiente y la salud&#xd;
humana.&#xd;
Las técnicas de biorremediación se llevan empleando en la remediación de suelos&#xd;
contamiandos por hidrocarburos desde hace décadas con importante éxito.&#xd;
El calculo de los impactos relacionados a todas las labores para remediar dicho suelo&#xd;
han sido calculados por el softaware SiteWise 3.1&#xd;
El software SiteWise 3.1 ha sido conjuntamente desarrollado por la Marina de los&#xd;
Estados Unidos (U.S. Navy), el Ejército de los Estados Unidos (U.S. Army) y el Cuerpo&#xd;
de Ingenieros del Ejército de los Estados Unidos (USACE).&#xd;
El software pone en relación las actividades basicas empleadas en las técnicas de&#xd;
descontaminación de suelos como son el uso del material (materias primas), el&#xd;
transporte del personal y de la maquinaria empleada, el uso de la maquinaria y el&#xd;
manejo de los residuos con categorias de impactos ambientales o indicadores de sostenibilidad como son las emisiones de gases efecto invernadero, el consumo de&#xd;
energia y el consumo de recursos los naturales.</subfield>
   </datafield>
   <datafield tag="653" ind2=" " ind1=" ">
      <subfield code="a">Àrees temàtiques de la UPC::Enginyeria civil</subfield>
   </datafield>
   <datafield tag="653" ind2=" " ind1=" ">
      <subfield code="a">Sediments (Geology)</subfield>
   </datafield>
   <datafield tag="653" ind2=" " ind1=" ">
      <subfield code="a">Waste products</subfield>
   </datafield>
   <datafield tag="653" ind2=" " ind1=" ">
      <subfield code="a">Sediments (Geologia)</subfield>
   </datafield>
   <datafield tag="653" ind2=" " ind1=" ">
      <subfield code="a">Residus</subfield>
   </datafield>
   <datafield ind2="0" ind1="0" tag="245">
      <subfield code="a">Gestión sostenible en la remediación de suelos contaminados: enfoques y aplicación a un caso de estudio</subfield>
   </datafield>
</record></metadata></record></GetRecord></OAI-PMH>